| 000 | 00455nam a2200169Ia 4500 | ||
|---|---|---|---|
| 999 |
_c25037 _d25037 |
||
| 003 | OSt | ||
| 005 | 20201124124451.0 | ||
| 008 | 190216s9999||||xx |||||||||||||| ||und|| | ||
| 040 | _coclc | ||
| 082 |
_a920 _bCHU/M |
||
| 100 |
_aChummar, T M _96902 |
||
| 245 | 0 |
_aMahakavi Kunchan Nambiar / _cChummar T M |
|
| 260 |
_bP K Brothers, _aKozhikode: |
||
| 300 | _a232p | ||
| 650 | _aPadanam | ||
| 942 |
_cBK _2ddc _h920 _iCHU/M _k920 _mCHU/M |
||